00331nam a2200121Ia 45000010005000000080041000050820021000461000018000672450061000852600021001469010027001679990015001942089241024s9999 xx 000 0 und d aRD/371.716/V297h aAlexis Vargas 0aHacia una Reforma del Programa de Alimentación Escolar bEd. Tallerc1994 a16/1/2012 2:41:38 p.m. c8789d8789